000
00291nam a22001097a 4500
008
260601b |||||||| |||| 00| 0 eng d
100
_a
Poorna Prajna Samshodhan Trust
245
_a
Prajna Vol No IX
260
_a
Bangalore
_b
Poorna Prajna Samshodhan Trust
_c
2014
300
_a
154p
942
_2
ddc
999
_c
1501
_d
1501